Vista normal
Vista MARC
Entrada Topical Term
Número de registros utilizados en: 1
001 - CONTROL NUMBER
- control field: 63559
003 - CONTROL NUMBER IDENTIFIER
- control field: OSt
005 - DATE AND TIME OF LATEST TRANSACTION
- control field: 20250826220411.0
008 - FIXED-LENGTH DATA ELEMENTS
- fixed length control field: 250826|| aca||aabn | a|a d
040 ## - CATALOGING SOURCE
- Original cataloging agency: OSt
- Transcribing agency: OSt
150 ## - HEADING--TOPICAL TERM
- Topical term or geographic name entry element: Literatura griega
- General subdivision: Historia
670 ## - SOURCE DATA FOUND
- Source citation: Work cat.: (OSt)58572: Jaeger, Werner, 1888-1961 aut 63558, Paideia :